| 000 | 01056cam a2200229 4500 | ||
|---|---|---|---|
| 001 | WB3941-10 | ||
| 008 | 031029n2003 000 0 eng u | ||
| 035 | _a(Sirsi) u124151 | ||
| 245 | _a2002 e-commerce survey of business | ||
| 260 | _c2003 | ||
| 490 |
_aOffice for National Statistics News Release _v 28 October 2003 (2) |
||
| 520 | _aThe Office for National Statistics (ONS) annual e-commerce survey, reveals that 59% of UK businesses had access to the internet in 2002 compared with 51% the previous year. The survey shows that larger businesses had greater Information and Communication Technologies (ICT) usage. http://www.gnn.gov.uk/gnn/national.nsf/(Redirect)?OpenAgent&D=gnn/national.nsf&V=Daily+News&I=7CA0EE8E71F86FD880256DCD003BB30F&A=ecommerce.pdf. | ||
| 590 | _aWB | ||
| 650 | _aE-COMMERCE | ||
| 650 | _aBUSINESSES | ||
| 650 | _aINTERNET ACCESS | ||
| 650 | _aINFORMATION AND COMMUNICATION TECHNOLOGY | ||
| 650 | _aOFFICE FOR NATIONAL STATISTICS | ||
| 650 | _aSURVEYS | ||
| 690 | _aINFORMATION TECHNOLOGY-INTERNET | ||
| 942 | _n0 | ||
| 999 |
_c73687 _d73687 |
||